| 000 | 00455nam a2200193Ia 4500 | ||
|---|---|---|---|
| 005 | 20241205010716.0 | ||
| 008 | 240331s9999 xx 000 0 und d | ||
| 020 | _a041590463 | ||
| 082 |
_bDEV _a891 |
||
| 100 | _aDevi, Mahasweta | ||
| 245 | 0 | _aImaginary Maps | |
| 260 |
_aNew York _bRoutledge _c1995 |
||
| 300 | _aXXXI, 213 p ., | ||
| 650 | _aShort Stories | ||
| 650 | _aHistory | ||
| 650 | _aCriticism | ||
| 650 | _aIndia Literature | ||
| 942 | _cL | ||
| 999 |
_c3379 _d3379 |
||